[Event "Toronto"]
[Site "Toronto CAN"]
[Date "2016.04.18"]
[Round "3"]
[White "Humphreys, Michael"]
[Black "Ivanov, Mike"]
[Result "0-1"]
[WhiteElo "2361"]
[BlackElo "2363"]
[WhiteFideId "-1"]
[WhiteFideId "-1"]
[PlyCount "68"]
[GameId "2160767908744092"]
[EventDate "2016.04.04"]
[EventType "swiss"]
[EventRounds "7"]
[EventCountry "CAN"]
[SourceTitle "EXT 2022"]
[Source "ChessBase"]
[SourceDate "2021.10.06"]
[SourceVersion "1"]
[SourceVersionDate "2021.10.06"]
[SourceQuality "1"]

1. c4 c5 2. g3 g6 3. Bg2 Bg7 4. Nc3 Nc6 5. a3 h5 6. Nf3 Nd4 7. b4 d6 8. e3 Nf5 9. Rb1 h4 10. Ng5 e5 11. Nge4 cxb4 12. Qa4+ Bd7 13. Qxb4 Bc6 14. Nb5 Bf8 15. Qb2 Bg7 16. O-O a6 17. Nbc3 Nge7 18. Nd5 O-O 19. Nb6 Rb8 20. Qa2 Kh8 21. a4 h3 22. Bh1 d5 23. cxd5 Nxd5 24. Ba3 Re8 25. Nd6 Nxd6 26. Nxd5 b5 27. d3 a5 28. Bxd6 Qxd6 29. axb5 Bxb5 30. Nc3 Bxd3 31. Rxb8 Rxb8 32. Rd1 f5 33. e4 Qd4 34. Qxa5 Rb2 0-1

[Event "Toronto"]
[Site "Toronto CAN"]
[Date "2016.04.25"]
[Round "4"]
[White "Ivanov, Mike"]
[Black "Plotkin, Victor"]
[Result "1/2-1/2"]
[WhiteElo "2363"]
[BlackElo "2417"]
[WhiteFideId "-1"]
[WhiteFideId "-1"]
[PlyCount "116"]
[GameId "2160767908744096"]
[EventDate "2016.04.04"]
[EventType "swiss"]
[EventRounds "7"]
[EventCountry "CAN"]
[SourceTitle "EXT 2022"]
[Source "ChessBase"]
[SourceDate "2021.10.06"]
[SourceVersion "1"]
[SourceVersionDate "2021.10.06"]
[SourceQuality "1"]

1. e4 e5 2. f4 d5 3. exd5 exf4 4. Nf3 Nf6 5. Be2 Nxd5 6. O-O c5 7. Ne5 Nc6 8. Bb5 Qd6 9. Nc3 Be6 10. Qe2 Be7 11. Nxd5 Bxd5 12. Bxc6+ bxc6 13. d3 g5 14. Bd2 O-O 15. Rae1 Bf6 16. Bc3 Rfe8 17. Qh5 Bg7 18. h4 h6 19. Ng4 Qg6 20. Qxg6 fxg6 21. hxg5 hxg5 22. Nf6+ Bxf6 23. Bxf6 Rxe1 24. Rxe1 g4 25. c4 Bf7 26. Bg5 f3 27. gxf3 gxf3 28. Kf2 Re8 29. Re7 Rxe7 30. Bxe7 Be6 31. Bxc5 a6 32. Kxf3 Bf5 33. Ke3 Kf7 34. Kd4 Ke6 35. Ba7 g5 36. a4 Kd7 37. Bb8 g4 38. Bg3 Kc8 39. Ke3 Kd7 40. d4 Bc2 41. a5 Bd1 42. Kd2 Bf3 43. Kc3 Be2 44. Kb4 Kc8 45. Kc5 Kd7 46. b3 Bd1 47. Kb6 Bxb3 48. Kxa6 Bxc4+ 49. Kb6 Bd5 50. Kc5 Kc8 51. a6 Bf3 52. Kb6 Bg2 53. a7 c5 54. dxc5 Kd7 55. Bf4 Bf3 56. Bh2 Be4 57. Bg3 Bf3 58. Kb5 Bc6+ 1/2-1/2

[Event "CAN-ch University"]
[Site "Kingston CAN"]
[Date "2016.01.09"]
[Round "3"]
[White "Dukic, Zachary"]
[Black "Ivanov, Mike"]
[Result "0-1"]
[WhiteElo "2082"]
[BlackElo "2333"]
[WhiteFideId "-1"]
[WhiteFideId "-1"]
[PlyCount "80"]
[GameId "2160767908777925"]
[EventDate "2016.01.09"]
[EventType "team"]
[EventRounds "5"]
[EventCountry "CAN"]
[SourceTitle "EXT 2022"]
[Source "ChessBase"]
[SourceDate "2021.10.06"]
[SourceVersion "1"]
[SourceVersionDate "2021.10.06"]
[SourceQuality "1"]

1. e4 d5 2. exd5 Nf6 3. d4 Nxd5 4. c4 Nb6 5. Nf3 g6 6. Be2 Bg7 7. O-O O-O 8. h3 Nc6 9. Be3 e5 10. d5 Ne7 11. Nc3 Nf5 12. Bg5 f6 13. Bd2 c5 14. Ne4 Nd7 15. b4 b6 16. Qb3 Qc7 17. Rab1 Nd6 18. Nxd6 Qxd6 19. bxc5 bxc5 20. Be3 e4 21. Nd2 f5 22. f3 exf3 23. Nxf3 Re8 24. Rfe1 Rb8 25. Qd3 Rxb1 26. Rxb1 Qe7 27. Kf2 Ba6 28. Bf4 Nb6 29. d6 Qd7 30. Rxb6 axb6 31. Qd5+ Qf7 32. Qxf7+ Kxf7 33. Ng5+ Kg8 34. Bf3 Bxc4 35. d7 Bd4+ 36. Kg3 Rd8 37. Bc6 Bf6 38. Nf3 Be6 39. Bc7 Rxd7 40. Bxd7 Bxd7 0-1

[Event "CAN-ch University"]
[Site "Kingston CAN"]
[Date "2016.01.10"]
[Round "4"]
[White "Ivanov, Mike"]
[Black "Sprumont, Oscar"]
[Result "1-0"]
[WhiteElo "2333"]
[BlackElo "2175"]
[WhiteFideId "-1"]
[WhiteFideId "-1"]
[PlyCount "93"]
[GameId "2160767908777936"]
[EventDate "2016.01.09"]
[EventType "team"]
[EventRounds "5"]
[EventCountry "CAN"]
[SourceTitle "EXT 2022"]
[Source "ChessBase"]
[SourceDate "2021.10.06"]
[SourceVersion "1"]
[SourceVersionDate "2021.10.06"]
[SourceQuality "1"]

1. e4 e6 2. d4 d5 3. Nc3 Bb4 4. Nge2 Nf6 5. e5 Nfd7 6. Nf4 c5 7. a3 Ba5 8. b4 cxb4 9. Nb5 O-O 10. axb4 Bxb4+ 11. c3 Be7 12. Bd3 Re8 13. O-O a6 14. Qg4 Nf8 15. Nh5 Ng6 16. f4 Nc6 17. f5 exf5 18. Bxf5 Rf8 19. Nd6 Bxd6 20. exd6 Bxf5 21. Qxf5 Qxd6 22. Ba3 Qe6 23. Bxf8 Rxf8 24. Qf3 Na7 25. Ng3 Nb5 26. Nf5 Ne7 27. Rae1 Qxf5 28. Rxe7 Qxf3 29. Rxf3 f6 30. Rxb7 Rc8 31. Re3 Rc7 32. Re8+ Kf7 33. Rxc7+ Nxc7 34. Rc8 Nb5 35. Rc6 Ke7 36. Kf2 Kd7 37. Rxa6 h5 38. Ke3 Nxc3 39. Ra7+ Ke6 40. Rxg7 Kf5 41. Rh7 Kg4 42. Rd7 f5 43. Kd3 Nd1 44. Rxd5 Kf4 45. Re5 Nf2+ 46. Ke2 Ng4 47. Re6 1-0

[Event "CAN-ch University"]
[Site "Kingston CAN"]
[Date "2016.01.10"]
[Round "5"]
[White "Kellar, Ben"]
[Black "Ivanov, Mike"]
[Result "0-1"]
[WhiteElo "2016"]
[BlackElo "2330"]
[WhiteFideId "-1"]
[WhiteFideId "-1"]
[PlyCount "74"]
[GameId "2160767908777944"]
[EventDate "2016.01.09"]
[EventType "team"]
[EventRounds "5"]
[EventCountry "CAN"]
[SourceTitle "EXT 2022"]
[Source "ChessBase"]
[SourceDate "2021.10.06"]
[SourceVersion "1"]
[SourceVersionDate "2021.10.06"]
[SourceQuality "1"]

1. c4 e5 2. g3 Nc6 3. Bg2 Bc5 4. Nc3 a6 5. Nf3 d6 6. O-O Bf5 7. d3 Qd7 8. Re1 Bh3 9. Bh1 Nf6 10. a3 Ba7 11. b4 O-O 12. Rb1 Rae8 13. b5 axb5 14. cxb5 Nd8 15. a4 Ng4 16. e3 Ne6 17. a5 f5 18. Qb3 Kh8 19. b6 cxb6 20. axb6 Bb8 21. Ba3 f4 22. exf4 exf4 23. Ne4 fxg3 24. Nxg3 Nf4 25. d4 h5 26. Qb5 Rxe1+ 27. Nxe1 Qxb5 28. Rxb5 Re8 29. Rb1 h4 30. Bxb7 hxg3 31. hxg3 Ne2+ 32. Kh1 Nxf2+ 33. Kh2 d5 34. Rb3 Nxd4 35. Rb2 Ne2 36. Rb3 Nxg3 37. Nf3 Ne2+ 0-1

[Event "Hart House Holidays op"]
[Site "Toronto CAN"]
[Date "2015.12.20"]
[Round "4"]
[White "Zhong, Joey"]
[Black "Ivanov, Mike"]
[Result "0-1"]
[WhiteElo "2138"]
[BlackElo "2317"]
[WhiteFideId "-1"]
[WhiteFideId "-1"]
[PlyCount "60"]
[GameId "2160767740522677"]
[EventDate "2015.12.18"]
[EventType "swiss"]
[EventRounds "5"]
[EventCountry "CAN"]

1. c4 e5 2. Nc3 Nc6 3. Nf3 Nf6 4. e4 Nd4 5. d3 Nxf3+ 6. Qxf3 d6 7. Be2 h6 8. Qg3 g5 9. Be3 c5 10. h4 g4 11. h5 Be6 12. f3 gxf3 13. gxf3 Rg8 14. Qf2 Nd7 15. O-O-O Qa5 16. f4 exf4 17. Bxf4 Bg7 18. Bd2 O-O-O 19. Kb1 Qb4 20. Qf4 Rh8 21. Rc1 Be5 22. Qf2 Rdg8 23. Rhg1 Rxg1 24. Qxg1 Nf6 25. Qe3 Kb8 26. Bf3 a6 27. Rc2 Qb6 28. Nd5 Bxd5 29. cxd5 Bd4 {[Scoresheet very faded, continuation appears to be} 30. Bc3 Qd8 {which does not make sense, something went wrong or a move is missing, black did win the game]} 0-1

[Event "Hart House Holidays op"]
[Site "Toronto CAN"]
[Date "2015.12.20"]
[Round "5"]
[White "Ivanov, Mike"]
[Black "Song, Terry"]
[Result "1-0"]
[WhiteElo "2317"]
[BlackElo "2246"]
[WhiteFideId "-1"]
[WhiteFideId "-1"]
[PlyCount "95"]
[GameId "2160767908790619"]
[EventDate "2015.12.18"]
[EventType "swiss"]
[EventRounds "5"]
[EventCountry "CAN"]
[SourceTitle "EXT 2019"]
[Source "ChessBase"]
[SourceDate "2018.10.10"]
[SourceVersion "1"]
[SourceVersionDate "2018.10.10"]
[SourceQuality "1"]

1. e4 c5 2. Nf3 d6 3. Bb5+ Bd7 4. Bxd7+ Nxd7 5. O-O Ngf6 6. Qe2 Rc8 7. c3 e6 8. d4 cxd4 9. cxd4 d5 10. e5 Ne4 11. Rd1 Be7 12. Ne1 f5 13. Nd3 O-O 14. f3 Ng5 15. Nc3 Nb6 16. Bxg5 Bxg5 17. Nc5 Qe7 18. Nb5 a6 19. Nd6 Rc7 20. a4 Rd8 21. g3 f4 22. h4 Bh6 23. g4 g6 24. g5 Bg7 25. a5 Nc8 26. Nxc8 Rdxc8 27. b4 h6 28. Qg2 Kh7 29. Qg4 Rc6 30. Rd2 Qf7 31. gxh6 Bxh6 32. Kh1 Bf8 33. Rg1 Be7 34. Rh2 Rg8 35. Rhg2 Bd8 36. Qh3 Rg7 37. Rg4 Be7 38. Qh2 b6 39. Rxf4 Qe8 40. axb6 Rxb6 41. Rfg4 Qf7 42. f4 Rxb4 43. h5 g5 44. fxg5 Qf3+ 45. Qg2 Qxg2+ 46. R1xg2 Bxg5 47. Nxe6 Rg8 48. Nxg5+ 1-0

[Event "Aurora Summer op"]
[Site "Aurora CAN"]
[Date "2015.07.04"]
[Round "1.1"]
[White "Chernik, Dmitry"]
[Black "Ivanov, Mike"]
[Result "1/2-1/2"]
[WhiteElo "1910"]
[BlackElo "2214"]
[WhiteFideId "-1"]
[WhiteFideId "-1"]
[PlyCount "141"]
[GameId "2160767908913060"]
[EventDate "2015.07.04"]
[EventType "swiss"]
[EventRounds "5"]
[EventCountry "CAN"]
[SourceTitle "EXT 2019"]
[Source "ChessBase"]
[SourceDate "2018.10.10"]
[SourceVersion "1"]
[SourceVersionDate "2018.10.10"]
[SourceQuality "1"]

1. e4 d5 2. exd5 Nf6 3. Bb5+ Bd7 4. Bxd7+ Qxd7 5. Nc3 Nxd5 6. Nxd5 Qxd5 7. Nf3 Nc6 8. O-O O-O-O 9. d3 Rg8 10. Qe2 g5 11. Qe4 g4 12. Qxd5 Rxd5 13. Ne1 Bg7 14. Rb1 h5 15. c3 h4 16. d4 e5 17. dxe5 Bxe5 18. Nc2 h3 19. g3 Bd6 20. Be3 Ne5 21. Rfd1 Nf3+ 22. Kh1 Rxd1+ 23. Rxd1 Rd8 24. Ne1 Ne5 25. b3 a5 26. Kg1 Re8 27. Kf1 Re6 28. Bf4 b6 29. c4 Kb7 30. Bxe5 Bxe5 31. Nc2 Bc3 32. Ne3 Re4 33. Ke2 Bb4 34. Rd7 Be7 35. Kd3 Re6 36. Rd4 f5 37. Nxf5 Bc5 38. Re4 Rf6 39. Rf4 Re6 40. Ne3 Bxe3 41. fxe3 Rd6+ 42. Ke2 Rg6 43. Rd4 Kc6 44. e4 Kc5 45. Ke3 Rf6 46. Rd5+ Kb4 47. Rf5 Re6 48. Rf4 Ka3 49. Rf2 c5 50. Rd2 Kb4 51. Kf4 a4 52. Kf5 Re8 53. Rd3 Rf8+ 54. Kxg4 Rf2 55. Kxh3 a3 56. Rd6 Rxa2 57. Rxb6+ Kc3 58. Rb5 Re2 59. Rxc5 Rxe4 60. Ra5 Kxb3 61. c5 Rc4 62. g4 a2 63. Rxa2 Kxa2 64. g5 Kb3 65. g6 Kb4 66. g7 Rc3+ 67. Kg4 Rc1 68. Kf5 Rg1 69. Kf6 Kxc5 70. Kf7 Rf1+ 71. Kg6 1/2-1/2

[Event "Aurora Summer op"]
[Site "Aurora CAN"]
[Date "2015.07.04"]
[Round "2.3"]
[White "Ivanov, Mike"]
[Black "Tonakanian, Stephan"]
[Result "0-1"]
[WhiteElo "2214"]
[BlackElo "1932"]
[WhiteFideId "-1"]
[WhiteFideId "-1"]
[PlyCount "116"]
[GameId "2160767908913068"]
[EventDate "2015.07.04"]
[EventType "swiss"]
[EventRounds "5"]
[EventCountry "CAN"]
[SourceTitle "EXT 2019"]
[Source "ChessBase"]
[SourceDate "2018.10.10"]
[SourceVersion "1"]
[SourceVersionDate "2018.10.10"]
[SourceQuality "1"]

1. e4 e6 2. d4 d5 3. Nc3 Bb4 4. Nge2 dxe4 5. a3 Bxc3+ 6. Nxc3 Nf6 7. Bg5 Nbd7 8. Nxe4 O-O 9. Qf3 Rb8 10. Bb5 c6 11. Bd3 h6 12. Bh4 Qa5+ 13. b4 Qh5 14. Nxf6+ Nxf6 15. Qg3 Nd7 16. Bf6 g6 17. Be7 Re8 18. Bd6 Ra8 19. O-O Qg5 20. Qh3 e5 21. f4 exf4 22. Bxf4 Qd5 23. Qxh6 Qxd4+ 24. Kh1 Qg7 25. Qh4 Nf8 26. Rae1 Be6 27. Bh6 Qh8 28. Qf4 Bd5 29. c4 Rxe1 30. Rxe1 Qc3 31. Rd1 Be6 32. Qh4 Nd7 33. Be3 Qf6 34. Bg5 Qh8 35. Qf4 Qe5 36. Qh4 Qh8 37. Qg3 Qe5 38. Bf4 Qh5 39. Re1 a5 40. b5 Bf5 41. bxc6 bxc6 42. h3 Bxd3 43. Qxd3 Nc5 44. Qd6 Ne6 45. Qxc6 Rd8 46. Rxe6 Qd1+ 47. Kh2 fxe6 48. Qxe6+ Kg7 49. Be5+ Kh6 50. Qe7 Rd7 51. Bf4+ g5 52. Bxg5+ Kg6 53. Qf6+ Kh7 54. Qf5+ Kg8 55. Qg6+ Rg7 56. Qe8+ Kh7 57. Bf6 Rd7 58. Qh5+ Qxh5 0-1

[Event "Aurora Summer op"]
[Site "Aurora CAN"]
[Date "2015.07.04"]
[Round "3.4"]
[White "Ivanov, Mike"]
[Black "Liang, Hairan"]
[Result "1-0"]
[WhiteElo "2214"]
[BlackElo "1785"]
[WhiteFideId "-1"]
[WhiteFideId "-1"]
[PlyCount "61"]
[GameId "2160767908913075"]
[EventDate "2015.07.04"]
[EventType "swiss"]
[EventRounds "5"]
[EventCountry "CAN"]
[SourceTitle "EXT 2019"]
[Source "ChessBase"]
[SourceDate "2018.10.10"]
[SourceVersion "1"]
[SourceVersionDate "2018.10.10"]
[SourceQuality "1"]

1. e4 c5 2. Nf3 Nc6 3. Bb5 g6 4. O-O Bg7 5. Re1 Nf6 6. e5 Nd5 7. Nc3 Nc7 8. Bxc6 dxc6 9. Ne4 Ne6 10. d3 h6 11. Be3 b6 12. Qd2 Qc7 13. Ng3 g5 14. Nh5 g4 15. Nxg7+ Nxg7 16. Nh4 h5 17. a4 a5 18. Bf4 Ne6 19. Bg3 Ba6 20. Nf5 O-O-O 21. b3 Qd7 22. Bh4 Rde8 23. Re4 c4 24. bxc4 Nc5 25. e6 fxe6 26. Rd4 Qc7 27. Bg3 Qa7 28. Nh4 Rd8 29. Qe3 Rd7 30. Rxd7 Kxd7 31. Re1 1-0

[Event "Aurora Summer op"]
[Site "Aurora CAN"]
[Date "2015.07.05"]
[Round "4.2"]
[White "Pace, Christopher"]
[Black "Ivanov, Mike"]
[Result "1/2-1/2"]
[WhiteElo "2087"]
[BlackElo "2214"]
[WhiteFideId "-1"]
[WhiteFideId "-1"]
[PlyCount "80"]
[GameId "2160767908913078"]
[EventDate "2015.07.04"]
[EventType "swiss"]
[EventRounds "5"]
[EventCountry "CAN"]
[SourceTitle "EXT 2019"]
[Source "ChessBase"]
[SourceDate "2018.10.10"]
[SourceVersion "1"]
[SourceVersionDate "2018.10.10"]
[SourceQuality "1"]

1. e4 d5 2. exd5 Nf6 3. d4 Nxd5 4. Nf3 g6 5. Bc4 Bg7 6. h3 O-O 7. O-O Nc6 8. c3 Nb6 9. Bb3 e5 10. dxe5 Nxe5 11. Nxe5 Bxe5 12. Qf3 Qf6 13. Qxf6 Bxf6 14. Bf4 Re8 15. Nd2 c6 16. Rfe1 Bf5 17. a4 Nd7 18. g4 Bd3 19. Bc4 Nc5 20. Rxe8+ Rxe8 21. Be3 Bxc4 22. Bxc5 Bd5 23. Bxa7 Bg5 24. Nf1 Re2 25. Bd4 Rxb2 26. c4 Rb4 27. cxd5 Rxd4 28. dxc6 bxc6 29. a5 Rd7 30. a6 Ra7 31. Ra4 Kf8 32. Ng3 Ke8 33. Ne4 Be7 34. Nd2 Kd7 35. Nc4 Bf6 36. Kg2 c5 37. Kf3 Kc6 38. Ra2 Kd5 39. Nb6+ Kc6 40. Nc4 Kd5 1/2-1/2

[Event "Aurora Summer op"]
[Site "Aurora CAN"]
[Date "2015.07.05"]
[Round "5.2"]
[White "Ivanov, Mike"]
[Black "Zotkin, Daniel"]
[Result "1-0"]
[WhiteElo "2214"]
[BlackElo "1794"]
[WhiteFideId "-1"]
[WhiteFideId "-1"]
[PlyCount "123"]
[GameId "2160767908913083"]
[EventDate "2015.07.04"]
[EventType "swiss"]
[EventRounds "5"]
[EventCountry "CAN"]
[SourceTitle "EXT 2019"]
[Source "ChessBase"]
[SourceDate "2018.10.10"]
[SourceVersion "1"]
[SourceVersionDate "2018.10.10"]
[SourceQuality "1"]

1. Nc3 c5 2. e4 Nc6 3. g3 g6 4. Bg2 Bg7 5. d3 e5 6. Be3 d6 7. Qd2 Be6 8. f4 exf4 9. gxf4 Nge7 10. Nge2 Qa5 11. O-O Nd4 12. Rae1 Qb4 13. b3 O-O-O 14. Kh1 f5 15. a3 Qb6 16. b4 Nec6 17. Nd5 Qa6 18. Nec3 b5 19. Rb1 Kd7 20. a4 cxb4 21. Nxb4 Qa5 22. exf5 Bxf5 23. Nxb5 Rc8 24. c3 Nxb5 25. Nxc6 Qxc3 26. axb5 Qxd2 27. Bxd2 Bxd3 28. Rfe1 Rce8 29. Rxe8 Rxe8 30. Rb3 Bc4 31. Re3 Rxe3 32. Bxe3 Bxb5 33. Nxa7 Ba4 34. Bd5 h6 35. Kg2 g5 36. f5 Bf6 37. Kf2 Kc7 38. Be6 Be5 39. h3 Be8 40. Kf3 Kb7 41. Ke4 Kc7 42. Bc4 Bh5 43. Nb5+ Kd7 44. Be6+ Kc6 45. Nd4+ Kc7 46. Nf3 Bf6 47. Nh2 Bd1 48. Ng4 Bc2+ 49. Kd5 Bb3+ 50. Ke4 Bc2+ 51. Kf3 Bd1+ 52. Kg2 Bxg4 53. hxg4 Kc6 54. Kf3 d5 55. Ke2 d4 56. Bf2 Kc5 57. Kd3 Bg7 58. Bg3 Bf6 59. Ke4 Kb4 60. Kd3 Kc5 61. Bb8 Kb6 62. Ke4 1-0

[Event "Aurora Spring op"]
[Site "Aurora CAN"]
[Date "2015.03.14"]
[Round "1.2"]
[White "Ivanov, Mike"]
[Black "Chaichi, Navid"]
[Result "0-1"]
[WhiteElo "2370"]
[BlackElo "2113"]
[WhiteFideId "-1"]
[WhiteFideId "-1"]
[PlyCount "68"]
[GameId "2160767908959614"]
[EventDate "2015.03.14"]
[EventType "swiss"]
[EventRounds "5"]
[EventCountry "CAN"]
[SourceTitle "EXT 2019"]
[Source "ChessBase"]
[SourceDate "2018.10.10"]
[SourceVersion "1"]
[SourceVersionDate "2018.10.10"]
[SourceQuality "1"]

1. e4 c5 2. Nf3 Nc6 3. Bb5 e6 4. Bxc6 bxc6 5. b3 e5 6. Nxe5 Qg5 7. Nf3 Qxg2 8. Rg1 Qh3 9. Bb2 Nf6 10. Qe2 Nh5 11. Qe3 Be7 12. e5 O-O 13. Na3 d5 14. exd6 Bxd6 15. Ng5 Qxh2 16. O-O-O Qf4 17. Qe2 Nf6 18. Nc4 Bc7 19. Ne4 Ne8 20. Rg5 Bf5 21. Rdg1 Bg6 22. Nxc5 Nf6 23. Nd3 Qe4 24. Ne3 Rfe8 25. f3 Qe7 26. Qg2 Bb6 27. Nf5 Qe2 28. Nxg7 Kxg7 29. Rxg6+ fxg6 30. Qg5 Re6 31. Rh1 Qxf3 32. Qh6+ Kg8 33. Nf4 Nh5 34. Rd1 Qxf4 0-1

[Event "Aurora Spring op"]
[Site "Aurora CAN"]
[Date "2015.03.14"]
[Round "2.7"]
[White "Noritsyn, Sergey"]
[Black "Ivanov, Mike"]
[Result "0-1"]
[WhiteElo "2036"]
[BlackElo "2370"]
[WhiteFideId "-1"]
[WhiteFideId "-1"]
[PlyCount "66"]
[GameId "2160767908959630"]
[EventDate "2015.03.14"]
[EventType "swiss"]
[EventRounds "5"]
[EventCountry "CAN"]
[SourceTitle "EXT 2019"]
[Source "ChessBase"]
[SourceDate "2018.10.10"]
[SourceVersion "1"]
[SourceVersionDate "2018.10.10"]
[SourceQuality "1"]

1. e4 e6 2. d4 d5 3. Nc3 Bb4 4. e5 c5 5. a3 Bxc3+ 6. bxc3 Qa5 7. Bd2 Qa4 8. Nf3 c4 9. h3 Nc6 10. g4 Bd7 11. Bg2 O-O-O 12. Nh4 f6 13. f4 fxe5 14. fxe5 Rf8 15. Bf3 Nge7 16. O-O h6 17. Kh2 g5 18. Ng2 Be8 19. Ne3 Ng6 20. Nf5 exf5 21. gxf5 Nh4 22. Bxd5 Nxf5 23. Be6+ Bd7 24. Bxd7+ Kxd7 25. Qg4 Qxc2 26. Rad1 Kc7 27. e6 Nd6 28. Qg3 Ne7 29. Rfe1 Rf5 30. Kg1 Rhf8 31. Be3 Rf3 32. Qe5 R8f5 33. Qg7 Rg3+ 0-1

[Event "Aurora Spring op"]
[Site "Aurora CAN"]
[Date "2015.03.14"]
[Round "3.4"]
[White "Tonakanian, Stephan"]
[Black "Ivanov, Mike"]
[Result "1-0"]
[WhiteElo "2169"]
[BlackElo "2370"]
[WhiteFideId "-1"]
[WhiteFideId "-1"]
[PlyCount "84"]
[GameId "2160767908959637"]
[EventDate "2015.03.14"]
[EventType "swiss"]
[EventRounds "5"]
[EventCountry "CAN"]
[SourceTitle "EXT 2019"]
[Source "ChessBase"]
[SourceDate "2018.10.10"]
[SourceVersion "1"]
[SourceVersionDate "2018.10.10"]
[SourceQuality "1"]

1. d4 d5 2. c4 c6 3. Nf3 Nf6 4. Nc3 a6 5. e3 g6 6. Be2 Bg7 7. O-O O-O 8. b3 c5 9. cxd5 Nxd5 10. Bb2 Nc6 11. Ne4 b6 12. Qd2 cxd4 13. Nxd4 Nxd4 14. Bxd4 Bb7 15. Bf3 e5 16. Bb2 Qe7 17. Nc3 Nb4 18. Bxb7 Qxb7 19. e4 Rfd8 20. Qe2 Nd3 21. Nd5 Rxd5 22. exd5 Qxd5 23. Rad1 Rd8 24. Bc1 f5 25. Be3 b5 26. f3 h5 27. g3 Bf6 28. Rd2 f4 29. Rfd1 fxe3 30. Rxd3 Qa8 31. Rxd8+ Bxd8 32. Qd3 Bf6 33. Qxe3 Qc6 34. Qd3 Qc5+ 35. Kg2 Kg7 36. Rd2 h4 37. Rc2 Qe7 38. Rc6 a5 39. Qd6 Qxd6 40. Rxd6 a4 41. bxa4 bxa4 42. Ra6 e4 1-0

[Event "Aurora Spring op"]
[Site "Aurora CAN"]
[Date "2015.03.15"]
[Round "4.7"]
[White "Ivanov, Mike"]
[Black "Lei, Sean"]
[Result "1-0"]
[WhiteElo "2214"]
[BlackElo "1840"]
[WhiteFideId "-1"]
[WhiteFideId "-1"]
[PlyCount "61"]
[GameId "2160767908959649"]
[EventDate "2015.03.14"]
[EventType "swiss"]
[EventRounds "5"]
[EventCountry "CAN"]
[SourceTitle "EXT 2019"]
[Source "ChessBase"]
[SourceDate "2018.10.10"]
[SourceVersion "1"]
[SourceVersionDate "2018.10.10"]
[SourceQuality "1"]

1. e4 c5 2. Nf3 d6 3. d4 cxd4 4. Qxd4 a6 5. Be3 Nc6 6. Qd2 Nf6 7. Nc3 e5 8. O-O-O Be7 9. Bg5 Be6 10. Bxf6 gxf6 11. Nd5 Rc8 12. Kb1 Bf8 13. Nh4 Nd4 14. c3 Bxd5 15. exd5 Nb5 16. Bd3 Qb6 17. Ka1 Qc5 18. Bc2 Nc7 19. Nf5 b5 20. Ng3 Qb6 21. Bf5 Rb8 22. Ne4 Be7 23. Qh6 b4 24. Nxf6+ Bxf6 25. Qxf6 bxc3 26. b3 Rg8 27. Rhe1 Rxg2 28. Rxe5+ dxe5 29. d6 Kf8 30. Bxh7 Rg8 31. Bxg8 1-0

[Event "Aurora Spring op"]
[Site "Aurora CAN"]
[Date "2015.03.15"]
[Round "5.5"]
[White "Ivanov, Mike"]
[Black "Zotkin, Daniel"]
[Result "1/2-1/2"]
[WhiteElo "2214"]
[BlackElo "1794"]
[WhiteFideId "-1"]
[WhiteFideId "-1"]
[PlyCount "98"]
[GameId "2160767908959657"]
[EventDate "2015.03.14"]
[EventType "swiss"]
[EventRounds "5"]
[EventCountry "CAN"]
[SourceTitle "EXT 2019"]
[Source "ChessBase"]
[SourceDate "2018.10.10"]
[SourceVersion "1"]
[SourceVersionDate "2018.10.10"]
[SourceQuality "1"]

1. e4 c5 2. Nf3 Nc6 3. Bb5 e6 4. Bxc6 bxc6 5. b3 Ne7 6. Bb2 Ng6 7. O-O d6 8. e5 d5 9. d3 Be7 10. c4 O-O 11. Nc3 f6 12. Na4 d4 13. Qe2 fxe5 14. Nxe5 Nxe5 15. Qxe5 Rf5 16. Qe4 Bd7 17. Rae1 Bd6 18. b4 Rf4 19. Qe2 cxb4 20. c5 Bc7 21. g3 Rf8 22. f4 e5 23. fxe5 Rxf1+ 24. Rxf1 Bh3 25. Rf4 Qd5 26. Rh4 Be6 27. Qe4 Qxe4 28. Rxe4 Bxa2 29. Rxd4 Ba5 30. Rd7 g6 31. Re7 Bd8 32. Rb7 Ba5 33. Rd7 Bb3 34. e6 Bxe6 35. Rg7+ Kf8 36. Rxh7 Bg8 37. Rb7 Bb3 38. Bg7+ Kg8 39. Nb2 Bd5 40. Bd4 Bf7 41. Kf2 a6 42. Be3 b3 43. Nc4 Bxc4 44. dxc4 Bc3 45. Rxb3 Be5 46. Bc1 Bd4+ 47. Be3 Be5 48. Bf4 Bd4+ 49. Be3 Be5 1/2-1/2

[Event "CAN-ch University"]
[Site "Toronto CAN"]
[Date "2015.01.11"]
[Round "4"]
[White "Kleinman, Michael"]
[Black "Ivanov, Mike"]
[Result "1-0"]
[WhiteElo "2384"]
[BlackElo "2387"]
[WhiteFideId "-1"]
[WhiteFideId "-1"]
[PlyCount "55"]
[GameId "2160767908984987"]
[EventDate "2015.01.09"]
[EventType "team"]
[EventRounds "5"]
[EventCountry "CAN"]
[SourceTitle "EXT 2019"]
[Source "ChessBase"]
[SourceDate "2018.10.10"]
[SourceVersion "1"]
[SourceVersionDate "2018.10.10"]
[SourceQuality "1"]

1. e4 e6 2. d4 d5 3. Nd2 Nc6 4. Ngf3 Nf6 5. e5 Nd7 6. Be2 f6 7. exf6 Qxf6 8. Nf1 b6 9. Bg5 Qf7 10. Bh4 h6 11. Ne3 Bb7 12. O-O g5 13. Bg3 O-O-O 14. Bb5 Bg7 15. Rc1 Na5 16. c4 dxc4 17. Nxc4 Nxc4 18. Rxc4 e5 19. Qc2 Nf8 20. Nxe5 Bxe5 21. Bxe5 Ne6 22. Rc1 Rh7 23. Bc6 Bxc6 24. Rxc6 Rd7 25. Qe4 Kb8 26. h3 Re7 27. Rxe6 Rxe6 28. Rxc7 1-0

[Event "CAN-ch University"]
[Site "Toronto CAN"]
[Date "2015.01.11"]
[Round "5"]
[White "Ivanov, Mike"]
[Black "Zhang, David"]
[Result "1-0"]
[WhiteElo "2387"]
[BlackElo "2315"]
[WhiteFideId "-1"]
[WhiteFideId "-1"]
[PlyCount "33"]
[GameId "2160767908984991"]
[EventDate "2015.01.09"]
[EventType "team"]
[EventRounds "5"]
[EventCountry "CAN"]
[SourceTitle "EXT 2019"]
[Source "ChessBase"]
[SourceDate "2018.10.10"]
[SourceVersion "1"]
[SourceVersionDate "2018.10.10"]
[SourceQuality "1"]

1. e4 c6 2. Nc3 d5 3. Nf3 Bg4 4. d4 dxe4 5. Nxe4 Nf6 6. Nxf6+ gxf6 7. Bf4 Qb6 8. Bd3 Nd7 9. h3 Bxf3 10. Qxf3 Qxd4 11. O-O-O Qa4 12. Bf5 Nb6 13. Qg4 Bg7 14. Rhe1 Kf8 15. Rxe7 Re8 16. Rxe8+ Kxe8 17. Qe2+ 1-0

[Event "PanAm-ch intercoll."]
[Site "South Padre Island USA"]
[Date "2014.12.28"]
[Round "2"]
[White "Ringoir, Tanguy"]
[Black "Ivanov, Mike"]
[Result "1-0"]
[WhiteElo "2564"]
[BlackElo "2173"]
[WhiteFideId "-1"]
[WhiteFideId "-1"]
[PlyCount "63"]
[GameId "2130307662945134"]
[EventDate "2014.12.27"]
[EventType "team"]
[EventRounds "6"]
[EventCountry "USA"]
[WhiteTeam "UMBC"]
[BlackTeam "UofT1"]

1. d4 d5 2. c4 c6 3. cxd5 cxd5 4. Nf3 Nc6 5. Nc3 Nf6 6. Bf4 Bf5 7. Qb3 Na5 8. Qa4+ Bd7 9. Qc2 Rc8 10. e3 b5 11. a3 e6 12. Bd3 Qb6 13. O-O Be7 14. Ne5 Nc4 15. Qe2 O-O 16. Bg5 Rfd8 17. Bxh7+ Kxh7 18. Bxf6 Nxe5 19. Bxe7 Re8 20. Qh5+ Kg8 21. Qxe5 Rxe7 22. Nxd5 exd5 23. Qxe7 Qc6 24. e4 Be6 25. Qg5 dxe4 26. Rac1 Qd7 27. Rxc8+ Qxc8 28. d5 f6 29. Qc1 Qxc1 30. Rxc1 Bxd5 31. Rc5 Bc4 32. Rc8+ 1-0